000 00275nam a2200097Ia 4500
008 220204s9999 xx 000 0 und d
082 _a31(048)(540)
_bSTA
245 0 _aStatistical abstract India 1997
260 _aNew Delhi
_bCentral Statistical Organisation
_c1997
942 _cBK
999 _c43872
_d43872